000 00205nam a2200085Ia 4500
008 170617s9999 xx 000 0 und d
100 _aWerumuth
245 4 _aThe Practice of medicinal Chemistry
260 _bElesvir Pub
260 _c2008
999 _c15367
_d15367